• AIU
  • Tony Wilmot Memorial Library

Mrinde mwanao na ukongo mbaya sana = Child immunization / (Record no. 45361)

MARC details
000 -LEADER
fixed length control field 00830nam a22002297a 4500
003 - CONTROL NUMBER IDENTIFIER
control field OSt
005 - DATE AND TIME OF LATEST TRANSACTION
control field 20110718134513.0
008 - FIXED-LENGTH DATA ELEMENTS--GENERAL INFORMATION
fixed length control field 100406t xxu||||| |||| 00| 0 eng d
020 ## - INTERNATIONAL STANDARD BOOK NUMBER
International Standard Book Number 9966000097
040 ## - CATALOGING SOURCE
Original cataloging agency NEGST Library - Kenya
Transcribing agency NEGST Library - Kenya
Modifying agency NEGST Library - Kenya
050 14 - LIBRARY OF CONGRESS CALL NUMBER
Classification number RJ 240
Item number .M75 2003
245 ## - TITLE STATEMENT
Title Mrinde mwanao na ukongo mbaya sana = Child immunization /
Statement of responsibility, etc edited by Godfrey Kipsisey & Alison Nicolle.
260 ## - PUBLICATION, DISTRIBUTION, ETC. (IMPRINT)
Place of publication, distribution, etc Nairobi,, Kenya :
Name of publisher, distributor, etc BTL (E.A.),
Date of publication, distribution, etc c2003.
300 ## - PHYSICAL DESCRIPTION
Extent 31 p. :
Other physical details ill. ;
Dimensions 21 cm
500 ## - GENERAL NOTE
General note Digo Language and Literacy Project.
500 ## - GENERAL NOTE
General note Digo Language and Literacy Project.
500 ## - GENERAL NOTE
General note [Africana].
650 ## - SUBJECT ADDED ENTRY--TOPICAL TERM
Topical term or geographic name as entry element Immunization of children
Geographic subdivision Kenya.
9 (RLIN) 3034
650 ## - SUBJECT ADDED ENTRY--TOPICAL TERM
Topical term or geographic name as entry element Digo language
General subdivision Texts.
9 (RLIN) 3035
710 2# - ADDED ENTRY--CORPORATE NAME
Corporate name or jurisdiction name as entry element Digo Language and Literacy Project.
9 (RLIN) 3036
942 ## - ADDED ENTRY ELEMENTS (KOHA)
Source of classification or shelving scheme Library of Congress Classification
Koha item type Books
Holdings
Withdrawn status Lost status Source of classification or shelving scheme Damaged status Not for loan Collection code Home library Current library Shelving location Date acquired Source of acquisition Cost, normal purchase price Total Checkouts Full call number Barcode Date last seen Copy number Price effective from Koha item type
    Library of Congress Classification     General Circulation AIU/NEGST - Tony Wilmot Memorial Library AIU/NEGST - Tony Wilmot Memorial Library General Stacks 04/06/2010 BTL 5.00   RJ 240.M75 2003 R40207L3232 09/26/2019 1 04/06/2010 Books